00615nam a2200169Ia 4500008004100000100003200041245011300073245003200186260005900218260000900277300000800286650001800294650001500312856002600327999001900353952007300372170221s9999 xx 000 0 und d aRubén Ramírez Sánchez 4aThe Complex Political Economy of Natural Capitalism: The Case of Whole Foods, Stonyfield Farms, and Walmart  cRubén Ramírez Sánchez bOnline Journal of Communication and Media Technologies c2016 a6 : xCommunication xMedia Arts uhttp://www.ojcmt.net/ c312978d312978 001040aCLbCLd2017-02-21l0r2017-02-21 00:00:00w2017-02-21yFOJ